UITU Library & LRC     

Smart Logistics (Record no. 32798)

MARC details
000 -LEADER
fixed length control field 00418nam a2200133Ia 4500
008 - FIXED-LENGTH DATA ELEMENTS--GENERAL INFORMATION
fixed length control field 260210s9999 xx 000 0 und d
024 ## - OTHER STANDARD IDENTIFIER
Standard number or code 15B-036-EL, 18B-021-CE & 18B-026-CE
082 ## - DEWEY DECIMAL CLASSIFICATION NUMBER
Classification number 601.027 AHM
100 ## - MAIN ENTRY--PERSONAL NAME
Personal name Syed Ahmed Haider, Maryam Saeed & Rabia Arshad
245 #0 - TITLE STATEMENT
Title Smart Logistics
260 ## - PUBLICATION, DISTRIBUTION, ETC.
Place of publication, distribution, etc. Karachi:
Name of publisher, distributor, etc. UITU,
Date of publication, distribution, etc. 2018
600 ## - SUBJECT ADDED ENTRY--PERSONAL NAME
Personal name Computer System Engineering
650 ## - SUBJECT ADDED ENTRY--TOPICAL TERM
Topical term or geographic name entry element Bachelor of Engineering (BE)

No items available.

Powered by Koha